00570 2200217 4500001002100000005001700021008004100038020001800079035002900097040001200126082001400138084001400152100001800166245002000184250001100204260003100215300003600246500004500282650001600327990000900343INLIS00000000000295220140217110738.0  a979-523-618-0 a##a0010-021400000000833 aJIPDBWI 2[21]a813 a813 ROB t aR.L STEVENSON aTreasure Island aCet. 1 aJakartabDian Rakyatc2003 a64 hlm.;bIlus .;c12 x 18,5 cm aThis series, comprising both original... aKarya Fiksi a2936